Southville International School and Colleges
Your cart is empty.
  • Cart
  • Lists
    Public lists Eva Luna New books Lux_list list_1
    Your lists Log in to create your own lists
  • Log in to your account
  • Your cookies
  • Search history
Southville International School and Colleges
  • Advanced search
  • Recent comments
  • Most popular
  • Libraries

Log in to your account

Log in with GOOGLE


If you do not have an external account, but do have a local account, you can still log in:

  1. Home
  2. MARC view: Animasia's Ibong adarna /
Normal view MARC view ISBD view

Animasia's Ibong adarna / (Record no. 3443)

[ view plain ]
MARC details
000 -LEADER
fixed length control field 00469nam a22001817a 4500
003 - CONTROL NUMBER IDENTIFIER
control field OSt
005 - DATE AND TIME OF LATEST TRANSACTION
control field 20140310181756.0
008 - FIXED-LENGTH DATA ELEMENTS--GENERAL INFORMATION
fixed length control field 130629t xxu||||| |||| 00| 0 eng d
020 ## - INTERNATIONAL STANDARD BOOK NUMBER
International Standard Book Number 9715692745
050 ## - LIBRARY OF CONGRESS CALL NUMBER
Classification number PN 6071
Item number .P295 1998
082 ## - DEWEY DECIMAL CLASSIFICATION NUMBER
Classification number FIL 398.2
Item number P27 1998
245 ## - TITLE STATEMENT
Title Animasia's Ibong adarna /
Statement of responsibility, etc Maria Elena Paterno.
260 ## - PUBLICATION, DISTRIBUTION, ETC. (IMPRINT)
Place of publication, distribution, etc Philippines :
Name of publisher, distributor, etc Bookmark,
Date of publication, distribution, etc 1998
300 ## - PHYSICAL DESCRIPTION
Extent 81 p. :
Dimensions 29 cm.
Other physical details ill. ;
562 ## - COPY AND VERSION IDENTIFICATION NOTE
Number of copies 1
942 ## - ADDED ENTRY ELEMENTS (KOHA)
Source of classification or shelving scheme Library of Congress Classification
Koha item type Books
Holdings
Withdrawn status Lost status Source of classification or shelving scheme Damaged status Home library Current library Shelving location Date acquired Total Checkouts Full call number Barcode Date last seen Copy number Price effective from Koha item type
    Library of Congress Classification   Luxembourg Library Luxembourg Library Filipiniana Section 06/29/2013   PN 6071 .P295 1998 8659 08/13/2013 1 06/29/2013 Books

Animasia's Ibong adarna /

APA

(1998). Animasia's Ibong adarna. Philippines: Bookmark.

Chicago

1998. Animasia's Ibong adarna. Philippines: Bookmark.

Harvard

(1998). Animasia's Ibong adarna. Philippines: Bookmark.

MLA

Animasia's Ibong adarna. Philippines: Bookmark. 1998.

  • Place hold
  • Print
  • Cite
  • Add to your cart (remove)
  • Save record
    BIBTEX Dublin Core MARCXML MARC (non-Unicode/MARC-8) MARC (Unicode/UTF-8) MARC (Unicode/UTF-8, Standard) MODS (XML) RIS
  • More searches
    Search for this title in:
    Other Libraries (WorldCat) Other Databases (Google Scholar) Online Stores (Bookfinder.com) Open Library (openlibrary.org)

Exporting to Dublin Core...

SOUTHVILLE LIBRARY

Southville International School and Colleges Library

1281 Tropical Ave. Cor. Luxembourg St., BF Homes International, Las Pinas City

Tel. No. 8256374 / 252358 Loc. 117/146

Powered by Koha